<?xml version="1.0" encoding="UTF-8"?>
<record
    xmlns:xsi="http://www.w3.org/2001/XMLSchema-instance"
    xsi:schemaLocation="http://www.loc.gov/MARC21/slim http://www.loc.gov/standards/marcxml/schema/MARC21slim.xsd"
    xmlns="http://www.loc.gov/MARC21/slim">

  <leader>00669    a2200217   4500</leader>
  <controlfield tag="001">57062</controlfield>
  <controlfield tag="005">20250813155201.0</controlfield>
  <datafield tag="020" ind1=" " ind2=" ">
    <subfield code="a">$a9786289568943</subfield>
  </datafield>
  <datafield tag="022" ind1=" " ind2=" ">
    <subfield code="a"> </subfield>
  </datafield>
  <datafield tag="084" ind1=" " ind2=" ">
    <subfield code="a">P</subfield>
  </datafield>
  <datafield tag="100" ind1="1" ind2=" ">
    <subfield code="a">$a Tessaro $b Gek $d 1957$a</subfield>
    <subfield code="9">59367</subfield>
  </datafield>
  <datafield tag="245" ind1="1" ind2="0">
    <subfield code="a">$a Antes estaban los dinosaurios</subfield>
  </datafield>
  <datafield tag="250" ind1=" " ind2=" ">
    <subfield code="a">$a Edicin&#x324; especial</subfield>
  </datafield>
  <datafield tag="264" ind1=" " ind2="1">
    <subfield code="a">$a Medelln&#x315; , Colombia</subfield>
    <subfield code="b">$b As ediciones</subfield>
    <subfield code="c">$c 2023</subfield>
  </datafield>
  <datafield tag="300" ind1=" " ind2=" ">
    <subfield code="a">$a Pg&#x300;inas ilustradas a color</subfield>
  </datafield>
  <datafield tag="490" ind1="0" ind2=" ">
    <subfield code="a">$a Plan Nacional de Lectura, Escritura y Oralidad</subfield>
  </datafield>
  <datafield tag="653" ind1=" " ind2="4">
    <subfield code="a">$a Poesa&#x315; Infantil italiana Siglo XXI</subfield>
  </datafield>
  <datafield tag="653" ind1=" " ind2="4">
    <subfield code="a">$a Literatura infantil italiana Siglo XXI</subfield>
  </datafield>
  <datafield tag="653" ind1=" " ind2="4">
    <subfield code="a">$a Dinosaurios en la literatura</subfield>
  </datafield>
  <datafield tag="942" ind1=" " ind2=" ">
    <subfield code="c">BKINF</subfield>
  </datafield>
  <datafield tag="999" ind1=" " ind2=" ">
    <subfield code="c">57062</subfield>
    <subfield code="d">57062</subfield>
  </datafield>
  <datafield tag="952" ind1=" " ind2=" ">
    <subfield code="1">0</subfield>
    <subfield code="2">ddc</subfield>
    <subfield code="4">0</subfield>
    <subfield code="6">P_TES1</subfield>
    <subfield code="7">0</subfield>
    <subfield code="9">115533</subfield>
    <subfield code="a">MECLANUE</subfield>
    <subfield code="b">MECLANUE</subfield>
    <subfield code="c">SInf</subfield>
    <subfield code="d">2025-03-19</subfield>
    <subfield code="l">0</subfield>
    <subfield code="o">P TES1</subfield>
    <subfield code="p">CLN00180</subfield>
    <subfield code="r">2025-03-19 17:14:13</subfield>
    <subfield code="t">Ej.1</subfield>
    <subfield code="w">2025-03-19</subfield>
    <subfield code="y">BKINF</subfield>
  </datafield>
</record>
